[Event "EU-chT Seniors 50"]
[Site "Novi Sad"]
[Date "2017.07.01"]
[Round "7.3"]
[White "Bozic, Milan"]
[Black "Tunguz, Dragan"]
[Result "1-0"]
[WhiteElo "2404"]
[BlackElo "1954"]
[PlyCount "101"]
[EventDate "2017.06.25"]
[EventType "team-tourn"]
[EventRounds "9"]
[EventCountry "SRB"]
[SourceTitle "CBM 179 Extra"]
[Source "ChessBase"]
[SourceDate "2017.08.23"]
[SourceVersion "1"]
[SourceVersionDate "2017.08.23"]
[SourceQuality "1"]
[WhiteTeam "Serbia Chess Kruzok 50"]
[BlackTeam "Serbia Jugovic 50"]
[WhiteTeamCountry "SRB"]
[BlackTeamCountry "SRB"]

1. c4 Nf6 2. Nc3 d5 3. d4 g6 4. g3 c6 5. Nf3 Bg7 6. Bg2 dxc4 7. 0-0 0-0 8. Ne5 Be6 9. f4 Nbd7 10. e4 Nxe5 11. fxe5 Bg4 12. Qd2 Ne8 13. Qf4 Qd7 14. d5 cxd5 15. exd5 Bf5 16. Be3 Bd3 17. Rfe1 Nc7 18. Bd4 Rab8 19. Bxa7 Rbd8 20. Bb6 Rc8 21. a4 h6 22. Qe3 Na8 23. Bd4 Kh7 24. b4 h5 25. Ra2 Nc7 26. b5 Qg4 27. h3 Qf5 28. Qf2 Qd7 29. g4 Rg8 30. b6 Na6 31. Rb2 Rcf8 32. g5 Bf5 33. Kh2 f6 34. gxf6 exf6 35. e6 Qd6+ 36. Qg3 Qxg3+ 37. Kxg3 Re8 38. e7 Bd7 39. Ne4 f5 40. Nf6+ Bxf6 41. Bxf6 Nc5 42. Rc2 f4+ 43. Kh2 Nxa4 44. Rxc4 Nxb6 45. Rxf4 Nc8 46. d6 b5 47. h4 Nb6 48. Bb2 Nc4 49. Rf7+ Kh6 50. Bc1+ g5 51. Be4 1-0